College Quizbowl Stats
College Quizbowl Stats
Circuits
Seasons
Sets
Records
Detailed Stats
About
Loading...
Upper Mid-Atlantic
Tossups
Bonuses
Players
Teams
Categories (Tossup)
Categories (Bonus)
Scarlett Strickland
Columbia C
Categories
Category
Powers
Gets
Negs
BBs
Points
Earliest Buzz
Avg. Buzz
First Buzzes
Top 3 Buzzes
BPA
PVF
Literature - British
0
2
1
1
15
128
133.00
0
0
0.00
0.00
Literature - World
0
1
0
1
10
136
136.00
0
0
0.00
0.00
Mythology
0
1
0
1
10
131
131.00
0
0
0.00
0.00
Buzzes
Category
Answer
Value
Buzz Position
Literature - British
Mrs. Dalloway
-5
57
Literature - British
Malvolio
10
128
Mythology
Odysseus’s crew
10
131
Literature - World
weeping
10
136
Literature - British
Jonathan Swift
10
138
Previous
1
Next